01730cam a2200409Ii 4500001000700000003000800007005001700015006001900032007001500051008004100066020002700107020003300134035002200167040003100189050002200220080001100242082001400253245012400267250002300391264005700414300005800471336003100529337003300560338004300593588008300636590016200719650004400881650005200925651005600977651006701033651005701100655002701157700003601184797001801220856006301238999001901301119067FINmELB20241217175023.0m o d | cr cnu||||||||221026s2022 mx a o 000 0 spa d z9786075642871qimpreso a9786075643618qelectrónico a(OCoLC)1351572456 aFINmELBbspaerdacFINmELB 4aF1415b.C667 2022 a339.9204a327.822300aCooperación Sur-Sur para el desarrollo :bexperiencias latinoamericanas y caribeñas /cÉlodie Brun, coordinadora. aPrimera edición. 1aCiudad de México :bEl Colegio de México,c2022. a1 recurso en línea (255 páginas) :bilustraciones atextobtxt2rdacontent/spa acomputadorabc2rdamedia/spa arecurso en líneabcr2rdacarrier/spa aDescripción basada en metadatos suministrados por el editor y otras fuentes. aRecurso electrónico. Santa Fe, Arg.: elibro, 2022. Disponible vía World Wide Web. El acceso puede estar limitado para las bibliotecas afiliadas a elibro. 4aCooperación internacionalySiglo XXI. 4aCooperación internacional México Siglo XXI. 4aAmérica LatinaxRelaciones exterioresySiglo XXI. 4aAmérica Latina Relaciones económicas exteriores Siglo XXI. 4aCaribe (Región)xRelaciones exterioresySiglo XXI. 4aLibros electrónicos.1 aBrun, Élodie,d1983-eeditor.2 aelibro, Corp.40uhttps://elibro.net/ereader/politecnicointernacional/219047 c119067d119067